000
00488nam a2200145Ia 4500
008
100122s9999 xx 000 0 und d
082
_b
23325
_a
823
100
_a
संत वि द
245
_a
काजव्याच्या ज्योती
260
_b
श्रीराम प्रकाशन
_c
1965
300
_a
157
630
_a
काजव्याच्या ज्योती
730
_a
काजव्याच्या ज्योती
942
_c
BOOK
999
_c
410927
_d
410924